[Event "Bodensee op Seniors"]
[Site "Bregenz"]
[Date "2016.05.03"]
[Round "4"]
[White "Koch, Helmuth"]
[Black "Agafonov, Yuri"]
[Result "0-1"]
[WhiteElo "1911"]
[BlackElo "2170"]
[PlyCount "68"]
[EventDate "2016.04.30"]
[EventType "swiss"]
[EventRounds "9"]
[EventCountry "AUT"]
[SourceTitle "CBM 172 Extra"]
[Source "ChessBase"]
[SourceDate "2016.06.21"]
[SourceVersion "1"]
[SourceVersionDate "2016.06.21"]
[SourceQuality "1"]

1. e4 d5 2. exd5 Nf6 3. Be2 Nxd5 4. d4 g6 5. Nf3 Bg7 6. 0-0 0-0 7. c4 Nb6 8. h3 Nc6 9. Be3 e5 10. dxe5 Nxe5 11. Nxe5 Bxe5 12. Nc3 Be6 13. Qb3 Qh4 14. Nd5 Rae8 15. Bc5 Bxd5 16. cxd5 Bd6 17. Bxd6 cxd6 18. Bf3 Qa4 19. Qc3 Nd7 20. Rfe1 Ne5 21. Re3 Rc8 22. Qb3 Qxb3 23. Rxb3 b6 24. Ra3 Rc7 25. b4 Rfc8 26. Be2 Rc1+ 27. Rxc1 Rxc1+ 28. Kh2 Rc2 29. Bd1 Rxf2 30. Rxa7 Rb2 31. Bb3 h5 32. Kg3 h4+ 33. Kf4 Rf2+ 34. Kg5 Kg7 0-1

[Event "Bodensee op Seniors"]
[Site "Bregenz"]
[Date "2015.05.10"]
[Round "2"]
[White "Koch, Helmuth"]
[Black "Kelecevic, Nedeljko"]
[Result "0-1"]
[WhiteElo "1935"]
[BlackElo "2237"]
[PlyCount "43"]
[EventDate "2015.05.09"]
[EventType "swiss"]
[EventRounds "9"]
[EventCountry "AUT"]
[SourceTitle "CBM 166 Extra"]
[Source "ChessBase"]
[SourceDate "2015.06.18"]
[SourceVersion "1"]
[SourceVersionDate "2015.06.18"]
[SourceQuality "1"]

1. Nf3 c5 2. g3 b6 3. Bg2 Bb7 4. 0-0 Nf6 5. b3 e6 6. Bb2 Be7 7. c4 0-0 8. d3 d5 9. Nbd2 Nc6 10. e3 a6 11. Re1 Nb4 12. Qb1 dxc4 13. dxc4 Qd3 14. Bf1 Qxb1 15. Raxb1 Nxa2 16. e4 Rfd8 17. e5 Ne8 18. Ne4 Rd7 19. Ra1 Nb4 20. Rab1 Nd3 21. Bxd3 Rxd3 22. Nfd2 0-1